00405nam a22001457a 4500003000400000008004100004020001800045082001600063100001300079245007600092250001100168260002700179300000800206650004500214OSt230113b ||||| |||| 00| 0 eng d a9789389583700 a658.402 KAB aKAILA,HL aBehaviour Based Safety in Organizations Saving Life before the Accident a2nd Ed aNew DelhibWileyc2019 a235 aBehaviour Based Safety in Organizations